| 000 | 00829nam a2200229Ia 4500 | ||
|---|---|---|---|
| 999 |
_c55860 _d55860 |
||
| 001 | 22958 | ||
| 003 | GE_BSU | ||
| 005 | 20230609173349.0 | ||
| 008 | 181216s ||||ge |||||||||||||| ||geo|| | ||
| 040 | _cGE_BSU | ||
| 041 | _ageo | ||
| 080 | _a821.353.1.09-13 ბ-25 | ||
| 100 |
_aბარამიძე, ა. _918613 |
||
| 245 |
_aშოთა რუსთაველი / _cა. ბარამიძე ; რედ. ლ. მენაბდე. |
||
| 264 |
_aთბილისი : _bთსუ-ს გამომცემლობა, _c1975. |
||
| 300 |
_a486 გვ. ; _c22 სმ. |
||
| 541 | _h4ლ. 80თ. | ||
| 653 | _aრუსთველოლოგია | ||
| 653 | _aშოთა რუსთაველი | ||
| 700 |
_aმენაბდე, ლ. _eრედაქტორი _914531 |
||
| 942 |
_cBK _2udc |
||